00642 a2200169 4500003000400000005001700004008004100021020001800062040000900080082002500089245008900114260005300203300001400256942005600270952012900326999001700455OSt20250610135336.0250528b |||||||| |||| 00| 0 eng d a9780143448990 coclc a791.430233092bRAY/S aSatyajit Ray Miscellany: bOn Life, Cinema, People & Much MorecEdited by Sandip Ray aNew Delhi:bPenguin Books India Pvt. Ltd.c2022. a274 pages 2ddccBKh791.430233092iRAY/Sk791.430233092mRAY/S 00102ddc40708ARTSaMESbMEScARTSd2025-06-10l0o791.430233092 RAY/Sp45992r2025-06-10 13:53:26w2025-06-10yBKzU22R5 c44564d44564